La caza en Marruecos / (Record no. 58309)

MARC details
000 -LEADER
campo de control de longitud fija 00466nam a2200145 i 4500
001 - NÚMERO DE CONTROL
campo de control 58309
003 - IDENTIFICADOR DE NÚMERO DE CONTROL
campo de control ES-MaACL
007 - CAMPO FIJO DE DESCRIPCIÓN FÍSICA--INFORMACIÓN GENERAL
campo de control de longitud fija t|
008 - DATOS DE LONGITUD FIJA--INFORMACIÓN GENERAL
campo de control de longitud fija 031021s1955 sp ||||1| spa d
100 1# - ENTRADA PRINCIPAL--NOMBRE DE PERSONA
Nombre de persona Durán Pulis, Guillermo.
9 (RLIN) 46233
245 13 - MENCIÓN DEL TÍTULO
Título La caza en Marruecos /
Mención de responsabilidad, etc. Guillermo Durán Pulis ; prólogo del Alto Comisario.
260 ## - PUBLICACIÓN, DISTRIBUCIÓN, ETC.
Lugar de publicación, distribución, etc. Las Palmas de Gran Canaria :
Nombre del editor, distribuidor, etc. [s.n.,
Fecha de publicación, distribución, etc. 1955] (
Fabricante Minerva)
300 ## - DESCRIPCIÓN FÍSICA
Extensión 269 p., 34 lám. ;
Dimensiones 24 cm.
852 ## - LOCALIZACIÓN
Ubicación ES-MaACL
Número de control de estantería C-9941
Sublocalización o colección R.38052
Holdings
Estatus retirado Estado de pérdida Estado de daño No para préstamo Biblioteca de origen Biblioteca actual Ubicación en estantería Fecha de adquisición Fuente de adquisición Total de préstamos Signatura topográfica completa Código de barras Visto por última vez Precio de reemplazo Tipo de ítem Koha
        Biblioteca del Ateneo de Madrid Biblioteca del Ateneo de Madrid Sala Palomar 17/01/2008     C-9941 1061185 23/02/2023 23/02/2023 Libro impreso